Catálogo
 En Linea

Valores en Juan Pablo Duarte / (Registro nro. 38721)

Detalles MARC
000 -CABECERA
campo de control de longitud fija 00812nam a2200253 a 4500
001 - NÚMERO DE CONTROL
campo de control 000039231
003 - IDENTIFICADOR DEL NÚMERO DE CONTROL
campo de control DO-SdBNP
005 - FECHA Y HORA DE LA ÚLTIMA TRANSACCIÓN
campo de control 20240308073619.0
007 - CAMPO FIJO DE DESCRIPCIÓN FÍSICA--INFORMACIÓN GENERAL
campo de control de longitud fija ta
008 - DATOS DE LONGITUD FIJA--INFORMACIÓN GENERAL
campo de control de longitud fija 130612s2013 dr a 000 0 spa d
020 ## - NÚMERO INTERNACIONAL ESTÁNDAR DEL LIBRO
Número Internacional Estándar del Libro 9789945006988
040 ## - FUENTE DE LA CATALOGACIÓN
Centro catalogador/agencia de origen DO-SdBNP
Lengua de catalogación spa
Centro/agencia transcriptor BNPHU
082 ## - NÚMERO DE LA CLASIFICACIÓN DECIMAL DEWEY
Número de clasificación XXXX
Número de documento/Ítem S787v
100 1# - ENTRADA PRINCIPAL--NOMBRE DE PERSONA
Nombre de persona Stanley, Avelino,
Fechas asociadas al nombre 1959-
9 (RLIN) 1536
245 10 - MENCIÓN DE TÍTULO
Título Valores en Juan Pablo Duarte /
Mención de responsabilidad, etc. Avelino Stanley ; ilustraciones Hampton Rodríguez
260 ## - PUBLICACIÓN, DISTRIBUCIÓN, ETC.
Lugar de publicación, distribución, etc. Santo Domingo :
Nombre del editor, distribuidor, etc. Fundación AES,
-- Editora Búho,
Fecha de publicación, distribución, etc. 2013.
300 ## - DESCRIPCIÓN FÍSICA
Extensión 91 p. ;
Otras características físicas il.
Dimensiones 22 cm.
500 ## - NOTA GENERAL
Nota general Incluye datos biográficos del autor e ilustrador en las paginas 90-91
504 ## - NOTA DE BIBLIOGRAFÍA, ETC.
Nota de bibliografía, etc. Bibliografía : p. 81-84
590 ## - NOTA LOCAL (RLIN)
Nota local Inventariado, 2022/ YL
700 #2 - PUNTO DE ACCESO ADICIONAL--NOMBRE DE PERSONA
9 (RLIN) 37974
Nombre de persona Rodríguez, Hampton
Término indicativo de función/relación il.
910 ## - DATOS DE OPCIÓN DEL USUARIO (OCLC)
Datos de opción del usuario YLockward
942 ## - ELEMENTOS DE PUNTO DE ACCESO ADICIONAL (KOHA)
Fuente del sistema de clasificación o colocación Dewey Decimal Classification
Tipo de ítem Koha Libro
Existencias
Estado de retiro Estado de pérdida Fuente del sistema de clasificación o colocación Restricciones de uso No para préstamo Código de colección Localización permanente Ubicación/localización actual Ubicación en estantería Fecha de adquisición Número de inventario Signatura topográfica completa Código de barras Fecha visto por última vez Precio válido a partir de Tipo de ítem Koha Número de copia
    Dewey Decimal Classification Excluido de préstamo   Patrimonio Dominicano Biblioteca Nacional Pedro Henríquez Ureña Biblioteca Nacional Pedro Henríquez Ureña En catalogación 14.03.2013 LF1 39231-10 25.06.2020 25.06.2020 Libro  
    Dewey Decimal Classification Excluido de préstamo   Patrimonio Dominicano Biblioteca Nacional Pedro Henríquez Ureña Biblioteca Nacional Pedro Henríquez Ureña En catalogación 14.03.2013 LF1 39231-20 25.06.2020 25.06.2020 Libro e. 2

Con tecnología Koha